000 00199 a2200109 4500
020 _a9780844208749
041 _aspa
100 _aAnonimo
245 _aLa Familia Perez
942 _cBK
952 _71
999 _c23125
_d23125